Introduction to peace and conflict studies in west africa:a reader (Record no. 47928)

MARC details
000 -LEADER
fixed length control field 00733nam a2200181 a 4500
008 - FIXED-LENGTH DATA ELEMENTS--GENERAL INFORMATION
fixed length control field 121022s9999 ||||||||||||||||| || u
020 ## - INTERNATIONAL STANDARD BOOK NUMBER
International Standard Book Number 9977925402
050 ## - LIBRARY OF CONGRESS CALL NUMBER
Classification number JZ 5584.A35 INT
100 ## - MAIN ENTRY--PERSONAL NAME
Personal name Best,Shedrack Gaya
245 10 - TITLE STATEMENT
Title Introduction to peace and conflict studies in west africa:a reader
Statement of responsibility, etc. edited by Shadrack Gaya Best
260 ## - PUBLICATION, DISTRIBUTION, ETC.
Place of publication, distribution, etc. Ibadan Nigeria:
Name of publisher, distributor, etc. Spectrum Books Limited
Date of publication, distribution, etc.
300 ## - PHYSICAL DESCRIPTION
Extent xv,496p.: ill.
500 ## - GENERAL NOTE
General note includes Bibiliography
650 ## - SUBJECT ADDED ENTRY--TOPICAL TERM
Topical term or geographic name entry element PEACE-BUILDING--EUROPE, EASTERN
650 ## - SUBJECT ADDED ENTRY--TOPICAL TERM
Topical term or geographic name entry element PEACE BUILDING--AFRICA, WEST
650 ## - SUBJECT ADDED ENTRY--TOPICAL TERM
Topical term or geographic name entry element CONFLICT MANAGEMENT--AFRICA, WEST
995 ## - RECOMMENDATION 995 [LOCAL, UNIMARC FRANCE]
-- CBU-MAIN LIBRARY (Kitwe)
-- 1
-- AVAILABLE
-- Nov 19, 2012
-- DHIPS Book Collection
Holdings
Withdrawn status Lost status Source of classification or shelving scheme Damaged status Not for loan Home library Current library Shelving location Date acquired Total Checkouts Full call number Barcode Date last seen Price effective from Koha item type
          CBU-MAIN LIBRARY, KITWE. CBU-MAIN LIBRARY, KITWE.   11/30/2022   JZ 5584.A35 INT 500254 11/30/2022 11/30/2022 MONOGRAPH